[Event "25th European Teams"]
[Site "Batumi GEO"]
[Date "2025.10.14"]
[Round "9.12"]
[Board "3"]
[White "Lenaerts, Lennert"]
[Black "Livaic, Leon"]
[Result "0-1"]
[WhiteTitle "FM"]
[BlackTitle "GM"]
[WhiteElo "2355"]
[BlackElo "2551"]
[WhiteTeam "Belgium"]
[BlackTeam "Croatia"]
[WhiteFideId "211435"]
[BlackFideId "14531534"]
[EventDate "2025.10.05"]

1. e4 c6 2. d4 d5 3. e5 c5 4. dxc5 e6 5. a3 Bxc5 6. Qg4 Ne7 7. Nf3 Nbc6 8. b4
Bb6 9. b5 h5 10. Qh4 Ng6 11. Qxd8+ Nxd8 12. Be3 Bxe3 13. fxe3 h4 14. Bd3 Rh5 15.
Bxg6 fxg6 16. Rg1 Nf7 17. g4 hxg3 18. Rxg3 Nxe5 19. Nxe5 Rxe5 20. Kd2 Bd7 21.
Nc3 Kf7 22. Rag1 Rh8 23. Rxg6 Rxh2+ 24. Kd3 Rh7 25. a4 Rf5 26. Kd4 Rf2 27. e4
Rxc2 28. R6g3 Rd2+ 29. Ke5 dxe4 30. Nxe4 Rd5+ 31. Kf4 Kf8 32. Ke3 a6 33. bxa6
bxa6 34. Rc1 Rh4 35. Nc5 Re5+ 36. Kd2 Rd4+ 37. Rd3 Rxd3+ 38. Kxd3 Ke7 39. Kc4
Bc6 40. Kb4 Kd6 41. Nxa6 Re4+ 42. Kc3 Rxa4 43. Nb4 Be4 44. Rg1 Kc5 45. Rg5+ Bf5
46. Nd3+ Kd6 47. Nf2 Ra2 48. Nd1 Rc2+ 49. Kb3 Rc7 0-1

[Event "25th European Teams"]
[Site "Batumi GEO"]
[Date "2025.10.14"]
[Round "9.12"]
[Board "4"]
[White "Martinovic, Sasa"]
[Black "De Waele, Warre"]
[Result "0-1"]
[WhiteTitle "GM"]
[BlackTitle "FM"]
[WhiteElo "2553"]
[BlackElo "2326"]
[WhiteTeam "Croatia"]
[BlackTeam "Belgium"]
[WhiteFideId "14509792"]
[BlackFideId "241156"]
[EventDate "2025.10.05"]

1. d4 Nf6 2. c4 e6 3. Nc3 Bb4 4. e3 O-O 5. Bd3 d5 6. cxd5 exd5 7. Ne2 Re8 8. O-O
a6 9. f3 c5 10. a3 cxd4 11. exd4 Be7 12. g4 Nc6 13. Bc2 b5 14. Nf4 b4 15. Nce2
Qd6 16. Nd3 Qc7 17. Rf2 bxa3 18. bxa3 Na5 19. Ndf4 Bb7 20. Qd3 Qc4 21. Rb1 Qxd3
22. Nxd3 Ra7 23. Nef4 Nc4 24. Nc5 Bxc5 25. dxc5 Rc8 26. Re2 Bc6 27. Nd3 d4 28.
Kf2 Nd5 29. Ne5 Nxe5 30. Rxe5 g6 31. Bd2 Rd7 32. Bd3 Nc3 33. Rb6 Bb5 34. Bc2 Nd5
35. c6 Nxb6 36. cxd7 Nxd7 0-1

[Event "25th European Teams"]
[Site "Batumi GEO"]
[Date "2025.10.14"]
[Round "9.13"]
[Board "1"]
[White "Bjerre, Jonas Buhl"]
[Black "Stefansson, Vignir Vatnar"]
[Result "1-0"]
[WhiteTitle "GM"]
[BlackTitle "GM"]
[WhiteElo "2629"]
[BlackElo "2506"]
[WhiteTeam "Denmark"]
[BlackTeam "Iceland"]
[WhiteFideId "1444948"]
[BlackFideId "2308649"]
[EventDate "2025.10.05"]

1. e4 d6 2. d4 Nf6 3. Bd3 e5 4. c3 Nbd7 5. Ne2 g6 6. Bg5 Bg7 7. Nd2 c6 8. Nc4
Qc7 9. Bc2 d5 10. dxe5 Nxe4 11. Bxe4 dxc4 12. f4 Nc5 13. Qc2 h6 14. Bh4 g5 15.
Bf2 Nxe4 16. Qxe4 gxf4 17. O-O Qxe5 18. Qf3 Be6 19. Nxf4 O-O-O 20. Rae1 Qd6 21.
Bg3 Qd7 22. Nxe6 fxe6 23. Qf4 e5 24. Rxe5 Qc7 25. Qf5+ Qd7 26. Re7 1-0

[Event "25th European Teams"]
[Site "Batumi GEO"]
[Date "2025.10.14"]
[Round "9.13"]
[Board "2"]
[White "Kjartansson, Gudmundur"]
[Black "Thybo, Jesper Sondergaard"]
[Result "1-0"]
[WhiteTitle "GM"]
[BlackTitle "GM"]
[WhiteElo "2422"]
[BlackElo "2578"]
[WhiteTeam "Iceland"]
[BlackTeam "Denmark"]
[WhiteFideId "2301318"]
[BlackFideId "1438832"]
[EventDate "2025.10.05"]

1. c4 c5 2. Nf3 Nc6 3. Nc3 Nf6 4. g3 d5 5. cxd5 Nxd5 6. Bg2 Nc7 7. a3 g6 8. d3
Bg7 9. O-O O-O 10. Bd2 b6 11. Ne1 Bd7 12. b4 cxb4 13. axb4 Nxb4 14. Bxa8 Qxa8
15. Ng2 Bh3 16. f3 a5 17. Qa4 Ne6 18. Rfb1 Bd4+ 19. Ne3 Nxd3 20. Qb5 Ndc5 21.
Qc4 Rc8 22. Nd5 Rd8 23. Nxb6 Qc6 24. Rxa5 Ng5 25. Ra8 Bxe3+ 26. Bxe3 Rxa8 27.
Nxa8 Qxa8 28. Qxc5 Bf5 29. Rc1 Nxf3+ 30. exf3 Qxf3 31. Rf1 Qe2 32. Qxe7 1-0

[Event "25th European Teams"]
[Site "Batumi GEO"]
[Date "2025.10.14"]
[Round "9.13"]
[Board "3"]
[White "Andersen, Mads"]
[Black "Stefansson, Hannes"]
[Result "1-0"]
[WhiteTitle "GM"]
[BlackTitle "GM"]
[WhiteElo "2556"]
[BlackElo "2408"]
[WhiteTeam "Denmark"]
[BlackTeam "Iceland"]
[WhiteFideId "1413864"]
[BlackFideId "2300087"]
[EventDate "2025.10.05"]

1. e4 e5 2. Nf3 Nc6 3. Bc4 Nf6 4. d3 Be7 5. O-O O-O 6. Re1 d6 7. a4 a5 8. c3 Be6
9. Bxe6 fxe6 10. Qb3 Qd7 11. Nbd2 b6 12. Nf1 Nh5 13. Qd1 Qe8 14. d4 Qg6 15. Ng3
Nf4 16. Bxf4 exf4 17. Nf1 Qh5 18. h3 Rae8 19. N1h2 Bd8 20. Qd3 Nb8 21. b4 c6 22.
Rab1 Bc7 23. Ng4 Re7 24. e5 axb4 25. cxb4 d5 26. Rec1 Bd8 27. b5 Rc7 28. bxc6
Rxc6 29. a5 Qe8 30. Rxc6 Qxc6 31. axb6 Rf7 32. h4 Rb7 33. Qd2 Rxb6 34. Rc1 Qb7
35. Qxf4 Rb1 36. Qd2 Nc6 37. h5 h6 38. Qc2 Rxc1+ 39. Qxc1 Bb6 40. Qb1 Kf8 41.
Qb5 Qc7 42. Qa4 Ba7 43. Ne3 Qb6 44. Nc2 Kf7 45. g3 Ne7 46. Kg2 Qb1 47. Na3 Qb6
48. Nb5 Bb8 49. Nd6+ Bxd6 50. exd6 1-0

[Event "25th European Teams"]
[Site "Batumi GEO"]
[Date "2025.10.14"]
[Round "9.13"]
[Board "4"]
[White "Domalchuk-Jonasson, Aleksandr"]
[Black "Olsen, Filip Boe"]
[Result "0-1"]
[WhiteTitle "IM"]
[BlackTitle "IM"]
[WhiteElo "2373"]
[BlackElo "2451"]
[WhiteTeam "Iceland"]
[BlackTeam "Denmark"]
[WhiteFideId "14142805"]
[BlackFideId "1440640"]
[EventDate "2025.10.05"]

1. d4 d5 2. c4 e6 3. Nf3 Nf6 4. g3 Be7 5. Bg2 O-O 6. O-O a5 7. Qc2 Nc6 8. a3
dxc4 9. Qxc4 a4 10. Nc3 Bd7 11. Qd3 Na5 12. Bg5 h6 13. Bxf6 Bxf6 14. Rad1 Nb3
15. e4 Rb8 16. Rfe1 b5 17. e5 Be7 18. d5 b4 19. dxe6 Bxe6 20. Qe2 Qc8 21. axb4
Bxb4 22. Qe3 Qa6 23. Re2 a3 24. Na2 Bc5 25. Qe4 Bf5 26. Qxf5 Qxe2 27. Nc3 Qxd1+
28. Nxd1 a2 29. Bf1 a1=Q 30. Nc3 Nd4 31. Nxd4 Bxd4 32. Ne4 Rfe8 33. Kg2 Rxe5 34.
Qg4 Rxe4 35. Qxe4 Qa8 0-1

[Event "25th European Teams"]
[Site "Batumi GEO"]
[Date "2025.10.14"]
[Round "9.14"]
[Board "1"]
[White "Naiditsch, Arkadij"]
[Black "Schitco, Ivan"]
[Result "1-0"]
[WhiteTitle "GM"]
[BlackTitle "GM"]
[WhiteElo "2587"]
[BlackElo "2483"]
[WhiteTeam "Bulgaria"]
[BlackTeam "Moldova"]
[WhiteFideId "4650891"]
[BlackFideId "13905465"]
[EventDate "2025.10.05"]

1. e4 e5 2. Bc4 Nf6 3. d3 Nc6 4. Nc3 Bb4 5. Nf3 d6 6. O-O Bxc3 7. bxc3 O-O 8. h3
h6 9. Re1 Re8 10. Nh2 d5 11. exd5 Nxd5 12. Qh5 Be6 13. Bxd5 Qxd5 14. Bxh6 gxh6
15. Qxh6 f5 16. Qg6+ Kf8 17. Nf3 Bd7 18. Ng5 Re7 19. Nh7+ Rxh7 20. Qxh7 Qf7 21.
Qh4 Re8 22. d4 e4 23. f3 exf3 24. gxf3 Ne7 25. Kf2 Ng8 26. Qf4 Bc6 27. Rxe8+
Kxe8 28. h4 Ne7 29. Re1 Kd7 30. Qg5 f4 31. h5 Nf5 32. Re5 1-0

[Event "25th European Teams"]
[Site "Batumi GEO"]
[Date "2025.10.14"]
[Round "9.14"]
[Board "2"]
[White "Hamitevici, Vladimir"]
[Black "Petrov, Martin"]
[Result "0-1"]
[WhiteTitle "GM"]
[BlackTitle "GM"]
[WhiteElo "2445"]
[BlackElo "2540"]
[WhiteTeam "Moldova"]
[BlackTeam "Bulgaria"]
[WhiteFideId "13902393"]
[BlackFideId "2911086"]
[EventDate "2025.10.05"]

1. g3 d5 2. Bg2 e5 3. d3 Nc6 4. a3 a5 5. Nf3 Nf6 6. O-O h6 7. Nc3 Bg4 8. e3 Be7
9. Re1 Qd7 10. b3 Rd8 11. Bb2 O-O 12. e4 dxe4 13. dxe4 Qe6 14. Qc1 Bc5 15. Nb5
Rd7 16. Nd2 Rfd8 17. Bc3 Ne7 18. a4 Bb4 19. Nc4 c6 20. Nxa5 Bc5 21. Na3 Rd1 22.
Qb2 Nxe4 23. Raxd1 Rxd1 24. Rxd1 Bxf2+ 25. Kf1 Qf5 26. Rd8+ Kh7 27. Bxe4 Qxe4
28. Rd2 Qe1+ 29. Kg2 Qg1# 0-1

[Event "25th European Teams"]
[Site "Batumi GEO"]
[Date "2025.10.14"]
[Round "9.14"]
[Board "3"]
[White "Petkov, Momchil"]
[Black "Baltag, Iulian"]
[Result "1/2-1/2"]
[WhiteTitle "GM"]
[BlackTitle "IM"]
[WhiteElo "2509"]
[BlackElo "2394"]
[WhiteTeam "Bulgaria"]
[BlackTeam "Moldova"]
[WhiteFideId "2921642"]
[BlackFideId "13901419"]
[EventDate "2025.10.05"]

1. e4 d6 2. d4 Nf6 3. Nc3 g6 4. Be3 Bg7 5. Qd2 a6 6. f3 b5 7. O-O-O Nbd7 8. Bh6
Bxh6 9. Qxh6 e5 10. Nge2 Qe7 11. Kb1 Bb7 12. Nc1 b4 13. N3e2 a5 14. dxe5 dxe5
15. g4 Qf8 16. Qd2 Ra6 17. Ng3 Rd6 18. Bd3 Nc5 19. Qe3 Nfd7 20. Nb3 Nxb3 21.
cxb3 Qe7 22. Rc1 c5 23. Bb5 Bc6 24. Bxc6 Rxc6 25. Rhd1 O-O 26. Qd3 Nb6 27. Nf1
Rfc8 28. Ne3 a4 29. Nd5 Qa7 30. bxa4 c4 31. Qe3 c3 32. Nxb4 Rc4 33. Rxc3 Rxc3
34. bxc3 Qa6 35. a5 Qxa5 36. Rd3 Qa4 37. Qe2 Nc4 38. Qd2 Qa3 39. Qc2 Qa7 40. Ka1
Kg7 41. Qe2 Qa3 42. Qc2 Qa7 43. Qe2 Qa3 44. Qc2 Qa7 1/2-1/2

[Event "25th European Teams"]
[Site "Batumi GEO"]
[Date "2025.10.14"]
[Round "9.14"]
[Board "4"]
[White "Gubin, Dmitrii"]
[Black "Georgiev, Kiril"]
[Result "0-1"]
[BlackTitle "GM"]
[WhiteElo "2275"]
[BlackElo "2526"]
[WhiteTeam "Moldova"]
[BlackTeam "Bulgaria"]
[WhiteFideId "13911848"]
[BlackFideId "2900017"]
[EventDate "2025.10.05"]

1. c4 e6 2. g3 d5 3. Bg2 Nf6 4. Nf3 d4 5. O-O Nc6 6. d3 Bc5 7. Nbd2 a5 8. Nb3
Bb6 9. e3 dxe3 10. Bxe3 a4 11. c5 Ba7 12. Nbd4 Bd7 13. Nb5 Nd5 14. d4 O-O 15. a3
Ne5 16. Nxe5 Bxb5 17. Re1 c6 18. Bd2 Bb8 19. h4 Bc7 20. h5 h6 21. f4 Re8 22. Qf3
Ne7 23. Qf2 f6 24. Nf3 Bc4 25. g4 Qd7 26. Bh3 Rad8 27. Re4 Bd5 28. Rae1 Bxe4 29.
Rxe4 Nd5 30. g5 f5 31. Ne5 Bxe5 32. Rxe5 Nc7 33. Ba5 Re7 34. Bxc7 Qxc7 35. Qe3
Kf8 36. gxh6 gxh6 37. Rxe6 Rxe6 38. Qxe6 Qf7 39. Qxh6+ Qg7+ 40. Qg5 Rxd4 41. h6
Qxg5+ 42. fxg5 Rh4 43. Bxf5 Rh5 44. Bc8 Rxg5+ 45. Kf1 Rxc5 46. Bxb7 Rc2 47. Ke1
c5 48. Bc6 Rxb2 49. Bxa4 Rh2 50. Bb5 Ke7 51. a4 Kd6 52. a5 Rxh6 53. Kd2 Rh3 54.
a6 Kd5 55. Kc2 c4 56. Bd7 Ra3 57. Bc8 Kc5 58. Bb7 Kb4 59. Kb2 Ra4 60. Bc8 Ra5
61. Bb7 Kc5 62. Kc3 Ra4 63. Bc8 Ra2 64. Bb7 Ra3+ 65. Kb2 Kb4 66. Bc8 c3+ 67. Kb1
c2+ 68. Kxc2 0-1

[Event "25th European Teams"]
[Site "Batumi GEO"]
[Date "2025.10.14"]
[Round "9.15"]
[Board "1"]
[White "Alekseenko, Kirill"]
[Black "Keinanen, Toivo"]
[Result "1-0"]
[WhiteTitle "GM"]
[BlackTitle "IM"]
[WhiteElo "2679"]
[BlackElo "2503"]
[WhiteTeam "Austria"]
[BlackTeam "Finland"]
[WhiteFideId "4135539"]
[BlackFideId "509825"]
[EventDate "2025.10.05"]

1. e4 e6 2. d4 d5 3. e5 c5 4. c3 Bd7 5. Nf3 Nc6 6. Be2 f6 7. O-O fxe5 8. dxe5
Nh6 9. c4 d4 10. b4 Nf7 11. bxc5 Qc7 12. Bf4 Be7 13. Nxd4 Nxd4 14. Qxd4 Bxc5 15.
Qc3 Qb6 16. Nd2 Bd4 17. Qg3 Bxa1 18. Rxa1 O-O 19. Ne4 Bc6 20. Nf6+ Kh8 21. Nh5
Rg8 22. Bd3 Rad8 23. Bxh7 Qb2 24. Rf1 Kxh7 25. Qh3 g5 26. Nf6+ Kg7 27. Qh7+ Kf8
28. Qxg8+ Ke7 29. Nd5+ exd5 30. Bxg5+ Nxg5 31. Qxg5+ Ke8 32. e6 Qd4 33. Re1 Qc3
34. Rc1 Qh8 35. cxd5 Bxd5 36. e7 1-0

[Event "25th European Teams"]
[Site "Batumi GEO"]
[Date "2025.10.14"]
[Round "9.15"]
[Board "2"]
[White "Sipila, Vilka"]
[Black "Dragnev, Valentin"]
[Result "0-1"]
[WhiteTitle "IM"]
[BlackTitle "GM"]
[WhiteElo "2487"]
[BlackElo "2539"]
[WhiteTeam "Finland"]
[BlackTeam "Austria"]
[WhiteFideId "505455"]
[BlackFideId "1634852"]
[EventDate "2025.10.05"]

1. d4 Nf6 2. c4 e6 3. Nf3 d5 4. g3 Be7 5. Bg2 O-O 6. Nc3 h6 7. O-O dxc4 8. Ne5
Nc6 9. Bxc6 bxc6 10. Nxc6 Qe8 11. Nxe7+ Qxe7 12. Qa4 a5 13. Qxc4 Ba6 14. Qc5
Qxc5 15. dxc5 Nd5 16. Nxd5 exd5 17. Bf4 Bxe2 18. Rfe1 Rfe8 19. Bxc7 d4 20. a4 g5
21. f4 f6 22. Be5 fxe5 23. Rxe2 e4 24. Rae1 e3 25. Rd1 gxf4 26. gxf4 Re4 27. Kg2
Rxf4 28. c6 h5 29. h3 h4 30. c7 Kf7 31. Rc1 Rg8+ 32. Kh1 Rc8 33. Rc4 Re4 34. Kg2
Ke6 35. Kf3 Kd5 36. Rc5+ Kxc5 37. Kxe4 Rxc7 38. Rc2+ Kb6 39. Rg2 Re7+ 40. Kd3
Kc5 41. Re2 Re8 42. Re1 Rb8 43. Ke4 Rd8 44. Kd3 Kb4 45. Re2 Kc5 46. Rc2+ Kd5 47.
Rg2 Ke5 48. Rg4 Kf5 49. Re4 Rd7 50. Re8 Kf4 51. Re4+ Kg3 52. Re5 Kxh3 53. b4
axb4 54. a5 Kg3 55. a6 h3 56. Rg5+ Kf4 57. Rh5 Kg4 58. Rh8 b3 59. Rg8+ Kf4 60.
Rf8+ Ke5 61. Re8+ Kd5 62. Rb8 h2 63. a7 Rxa7 0-1

[Event "25th European Teams"]
[Site "Batumi GEO"]
[Date "2025.10.14"]
[Round "9.15"]
[Board "3"]
[White "Ragger, Markus"]
[Black "Sklyarov, Dmitry V."]
[Result "1/2-1/2"]
[WhiteTitle "GM"]
[BlackTitle "IM"]
[WhiteElo "2567"]
[BlackElo "2428"]
[WhiteTeam "Austria"]
[BlackTeam "Finland"]
[WhiteFideId "1610856"]
[BlackFideId "4157052"]
[EventDate "2025.10.05"]

1. e4 d6 2. d4 Nf6 3. Nc3 c6 4. f4 Qa5 5. Bd3 e5 6. Nf3 exd4 7. Nxd4 Qb6 8. Nb3
a5 9. a4 Na6 10. Qe2 Bg4 11. Be3 Qxb3 12. cxb3 Bxe2 13. Bxe2 Nb4 14. O-O-O d5
15. Bf3 dxe4 16. Nxe4 Nfd5 17. Rhe1 Be7 18. Bc5 Bxc5 19. Nxc5+ Kd8 20. Nxb7+ Kc7
21. Nc5 Rhe8 22. Bxd5 cxd5 23. Kd2 Kd6 24. Nd3 Nxd3 25. Kxd3 f5 26. Rxe8 Rxe8
27. Rc1 Rb8 28. Rc3 Rb4 29. g3 h6 30. Kc2 g5 31. Rf3 g4 32. Rc3 Re4 33. Kd2 Re8
34. Re3 Re4 35. Rc3 Re8 36. Rd3 Re7 37. b4 axb4 38. Re3 Re4 39. b3 Kc5 40. Kd3
Rd4+ 41. Kc2 Re4 42. Kd3 Rd4+ 43. Kc2 Re4 1/2-1/2

[Event "25th European Teams"]
[Site "Batumi GEO"]
[Date "2025.10.14"]
[Round "9.15"]
[Board "4"]
[White "Wartiovaara, Oliver"]
[Black "Blohberger, Felix"]
[Result "1/2-1/2"]
[WhiteTitle "FM"]
[BlackTitle "GM"]
[WhiteElo "2309"]
[BlackElo "2513"]
[WhiteTeam "Finland"]
[BlackTeam "Austria"]
[WhiteFideId "513024"]
[BlackFideId "1632051"]
[EventDate "2025.10.05"]

1. e4 e5 2. Nf3 Nc6 3. Bb5 a6 4. Ba4 d6 5. O-O Bd7 6. c3 Nge7 7. d4 Ng6 8. Be3
Be7 9. d5 Nb8 10. c4 O-O 11. Nc3 Bxa4 12. Nxa4 Nd7 13. Rc1 b6 14. b4 a5 15. a3
axb4 16. axb4 Nh4 17. Nxh4 Bxh4 18. c5 bxc5 19. bxc5 Bg5 20. Bxg5 Qxg5 21. cxd6
cxd6 22. Rc6 Nf6 23. Nc3 Rad8 24. Qc1 h6 25. Qxg5 hxg5 26. f3 Rd7 27. Nb5 Rfd8
28. Ra1 g4 29. Ra7 gxf3 30. gxf3 Rxa7 31. Nxa7 Kf8 32. Nc8 Ne8 33. Kf2 f6 34.
Kg3 Kf7 35. Kg4 Rd7 36. h4 g6 37. h5 gxh5+ 38. Kxh5 Ng7+ 39. Kg4 Ne8 40. Ra6 Kg6
41. Ra7 Rxa7 42. Nxa7 Ng7 43. Nc8 f5+ 44. Kg3 fxe4 45. fxe4 Ne8 46. Kh4 Kf6 47.
Kg4 Kg6 48. Ne7+ Kf7 49. Nf5 Nf6+ 50. Kf3 Ne8 51. Kg3 Kf8 52. Kh4 Nf6 53. Ng3
Nd7 54. Kg5 Nc5 55. Kf5 Kf7 56. Nf1 Nb3 57. Ne3 Nc5 58. Nc4 1/2-1/2

[Event "25th European Teams"]
[Site "Batumi GEO"]
[Date "2025.10.14"]
[Round "9.16"]
[Board "1"]
[White "Sousa, Andre Ventura"]
[Black "Grandelius, Nils"]
[Result "0-1"]
[WhiteTitle "IM"]
[BlackTitle "GM"]
[WhiteElo "2433"]
[BlackElo "2645"]
[WhiteTeam "Portugal"]
[BlackTeam "Sweden"]
[WhiteFideId "1917617"]
[BlackFideId "1710400"]
[EventDate "2025.10.05"]

1. e4 c6 2. d4 d5 3. e5 c5 4. c3 Nc6 5. Be2 a6 6. Be3 Nh6 7. f4 cxd4 8. cxd4 Bf5
9. Nc3 e6 10. Nf3 Be4 11. Qd2 Nf5 12. Bf2 Rc8 13. g4 Bxf3 14. Bxf3 Nh4 15. Be2
h5 16. gxh5 Na5 17. O-O Nc4 18. Qe1 Nf5 19. Nd1 Qb6 20. Qc3 Ncd6 21. Qd3 Ne4 22.
Be3 Rc4 23. Nc3 Nxe3 24. Qxe3 Qxd4 25. Qxd4 Rxd4 26. Nxe4 Rxe4 27. Bg4 Bc5+ 28.
Kg2 Be3 29. Kg3 Ke7 30. Rf3 f5 31. exf6+ gxf6 32. f5 e5 33. Rd1 d4 34. Rff1 Bf4+
35. Kg2 Bxh2 36. Bf3 Rh4 37. Rh1 Rg8+ 38. Kf1 Rg3 39. Kf2 e4 40. Be2 Rg5 0-1

[Event "25th European Teams"]
[Site "Batumi GEO"]
[Date "2025.10.14"]
[Round "9.16"]
[Board "2"]
[White "Blomqvist, Erik"]
[Black "Barria, Jose"]
[Result "1/2-1/2"]
[WhiteTitle "GM"]
[BlackTitle "FM"]
[WhiteElo "2478"]
[BlackElo "2376"]
[WhiteTeam "Sweden"]
[BlackTeam "Portugal"]
[WhiteFideId "1709437"]
[BlackFideId "1939300"]
[EventDate "2025.10.05"]

1. e4 c5 2. Nf3 d6 3. d4 cxd4 4. Nxd4 Nf6 5. Nc3 a6 6. Be3 e5 7. Nf3 Be7 8. Bc4
Be6 9. Bb3 O-O 10. O-O Nc6 11. Qe2 Na5 12. Rfd1 Nxb3 13. axb3 Qc7 14. Bg5 Ng4
15. Bxe7 Qxe7 16. h3 Nf6 17. Nh2 Rfd8 18. Rd3 Rac8 19. Nf1 Rc6 20. Ne3 Rdc8 21.
Qf3 g6 22. Rad1 Kg7 23. R3d2 Qd8 24. Qg3 Qf8 25. Qh4 h6 26. f3 Qd8 27. Qf2 Qe7
28. Na2 Qc7 29. Nc3 Qe7 30. Na2 Qc7 31. Nc3 Qe7 32. Rd3 Qd8 33. Qd2 Ne8 34. Ncd5
Qg5 35. Qf2 Qd8 36. c3 a5 37. c4 Bxd5 38. Nxd5 a4 39. bxa4 Rxc4 40. b3 Rc2 41.
R1d2 Rc1+ 42. Kh2 Rb1 43. Rc2 Rc1 44. Rxc8 Qxc8 45. Nb6 Qc5 46. Qxc5 Rxc5 47.
Nc4 b5 48. Nxd6 Nxd6 49. Rxd6 bxa4 50. bxa4 Ra5 51. Rd5 Rxa4 52. Rxe5 h5 53. h4
Ra2 54. Kg3 Rb2 55. Rd5 Ra2 56. Rd7 Re2 57. Rd1 Kf6 58. Rf1 Ra2 59. Rf2 Ra4 60.
Kf4 Ra5 61. Rd2 Ra4 62. Rd6+ Kg7 63. Rd5 Ra2 64. g3 Ra4 65. Ke3 Ra3+ 66. Rd3 Ra5
67. Rb3 Ra4 68. Rd3 Ra5 69. Rd4 Ra3+ 70. Kf4 Rb3 71. e5 Ra3 72. g4 hxg4 73. fxg4
Ra1 74. Rd7 Rf1+ 75. Kg5 Re1 76. Rd5 Re2 77. Kf4 Re1 78. Rd3 Rf1+ 79. Rf3 Re1
80. Re3 Rf1+ 81. Kg5 Ra1 82. h5 gxh5 83. gxh5 Rg1+ 84. Kf5 Rf1+ 85. Kg5 Rg1+ 86.
Kh4 Rf1 87. Kg5 Rg1+ 1/2-1/2

[Event "25th European Teams"]
[Site "Batumi GEO"]
[Date "2025.10.14"]
[Round "9.16"]
[Board "3"]
[White "Martins, Bruno Andre Leite"]
[Black "Trost, Edvin"]
[Result "1-0"]
[WhiteTitle "FM"]
[BlackTitle "IM"]
[WhiteElo "2363"]
[BlackElo "2457"]
[WhiteTeam "Portugal"]
[BlackTeam "Sweden"]
[WhiteFideId "1942255"]
[BlackFideId "1729519"]
[EventDate "2025.10.05"]

1. e4 c5 2. Nf3 d6 3. d4 cxd4 4. Nxd4 Nf6 5. Bb5+ Bd7 6. c4 g6 7. Nc3 Bg7 8.
Bxd7+ Qxd7 9. O-O Nc6 10. Nc2 O-O 11. f3 a6 12. Be3 b5 13. Nd5 Qb7 14. Na3 Nd7
15. Qd2 e6 16. cxb5 axb5 17. Nb4 Na5 18. Rac1 Ne5 19. Qf2 Nac6 20. Nac2 Ra4 21.
a3 Nxb4 22. Nxb4 Rxb4 23. axb4 Nd3 24. Qd2 Nxc1 25. Rxc1 Rd8 26. Bd4 e5 27. Be3
d5 28. exd5 Rxd5 29. Rc8+ Qxc8 30. Qxd5 Qe8 31. Kf2 h6 32. Bd2 Kh7 33. g4 f5 34.
gxf5 gxf5 35. Bc3 Kh8 36. Qd6 Kh7 37. Qd5 h5 38. f4 exf4 39. Qxf5+ Kh8 40. Qxf4
Bxc3 41. bxc3 Kh7 42. Kf3 Qd7 43. Qe5 Qd3+ 44. Kf4 Qd2+ 45. Kf5 Qd7+ 46. Kg5
Qg4+ 47. Kf6 Qg6+ 48. Ke7 h4 49. Qf4 Qh5 50. h3 Qg6 51. Qxh4+ Kg7 52. Qg4 Kh8
53. Qd4+ Kh7 54. Kd7 Qa6 55. Kc7 Kg8 56. Qd8+ Kh7 57. Qd7+ 1-0

[Event "25th European Teams"]
[Site "Batumi GEO"]
[Date "2025.10.14"]
[Round "9.16"]
[Board "4"]
[White "Pantzar, Milton"]
[Black "Martins, David Pires Tavares"]
[Result "0-1"]
[WhiteTitle "IM"]
[BlackTitle "IM"]
[WhiteElo "2433"]
[BlackElo "2430"]
[WhiteTeam "Sweden"]
[BlackTeam "Portugal"]
[WhiteFideId "1721003"]
[BlackFideId "1909991"]
[EventDate "2025.10.05"]

1. d4 d5 2. c4 c6 3. Nf3 Nf6 4. e3 a6 5. Bd3 dxc4 6. Bxc4 e6 7. O-O b5 8. Bd3 c5
9. a4 b4 10. Nbd2 Bb7 11. e4 cxd4 12. e5 Nfd7 13. Ne4 Nc6 14. Bf4 Qa5 15. Re1 h6
16. Ned2 Nc5 17. Nb3 Qd8 18. Nxc5 Bxc5 19. Rc1 Be7 20. Be4 Qd7 21. Nd2 Na5 22.
Qh5 Rc8 23. Rcd1 Nc4 24. Bxb7 Qxb7 25. Nxc4 Rxc4 26. Qg4 g5 27. Bc1 Qd5 28. Qh3
Kf8 29. Qd3 Kg7 30. Bd2 Rhc8 31. Re4 b3 32. h4 Rxa4 33. Rde1 Qc4 34. Qg3 Qc2 35.
Bf4 Ra1 36. hxg5 h5 37. Qf3 Rxe1+ 38. Rxe1 Qf5 39. Qb7 Rc2 40. Bg3 Bxg5 41. f4
h4 42. Bf2 Bxf4 43. Bxd4 h3 0-1

[Event "25th European Teams"]
[Site "Batumi GEO"]
[Date "2025.10.14"]
[Round "9.17"]
[Board "1"]
[White "Kiladze, Luka"]
[Black "Uruci, Endrit"]
[Result "0-1"]
[WhiteTitle "FM"]
[BlackTitle "FM"]
[WhiteElo "2370"]
[BlackElo "2347"]
[WhiteTeam "Georgia 3"]
[BlackTeam "Kosovo"]
[WhiteFideId "13623389"]
[BlackFideId "22100199"]
[EventDate "2025.10.05"]

1. e4 c6 2. d3 d5 3. Nd2 g6 4. Ngf3 Bg7 5. g3 e5 6. Bg2 Ne7 7. O-O O-O 8. Re1 d4
9. Nc4 Qc7 10. a4 b5 11. Na3 b4 12. Nc4 Be6 13. Ng5 Bxc4 14. dxc4 a5 15. f4 Nd7
16. Qg4 h6 17. Nh3 Rfe8 18. Bd2 Qd6 19. Nf2 Nc5 20. Nd3 b3 21. fxe5 Bxe5 22. Bf4
f6 23. Nxc5 Qxc5 24. cxb3 g5 25. Qe6+ Kg7 26. Bxe5 Qxe5 27. Qxe5 fxe5 28. b4
axb4 29. c5 Ra5 30. Rec1 Ng8 31. b3 Nf6 32. Rc4 Rb8 33. Bf3 g4 34. Bg2 Nd7 35.
Rac1 d3 36. Bf1 Nxc5 37. Rxc5 d2 38. Rxc6 dxc1=Q 39. Rxc1 Rd8 40. Rc7+ Kf6 41.
Bc4 Rd1+ 42. Kf2 Rd2+ 43. Kg1 Ra8 44. Rf7+ Kg6 45. Rb7 Rd1+ 46. Kf2 Rf8+ 47. Ke2
Rh1 48. a5 Rxh2+ 49. Ke1 Rff2 50. Rb6+ Kg5 51. Rxb4 Rb2 0-1

[Event "25th European Teams"]
[Site "Batumi GEO"]
[Date "2025.10.14"]
[Round "9.17"]
[Board "2"]
[White "Asllani, Muhamet"]
[Black "Qalichava, Akaki"]
[Result "0-1"]
[WhiteTitle "CM"]
[BlackTitle "FM"]
[WhiteElo "2251"]
[BlackElo "2333"]
[WhiteTeam "Kosovo"]
[BlackTeam "Georgia 3"]
[WhiteFideId "22100300"]
[BlackFideId "13615408"]
[EventDate "2025.10.05"]

1. e4 c5 2. Nf3 e6 3. d4 cxd4 4. Nxd4 Nc6 5. Nc3 Qc7 6. Ndb5 Qb8 7. g3 a6 8. Nd4
d6 9. Bg2 Bd7 10. O-O Nf6 11. Re1 Be7 12. h3 O-O 13. Be3 Qc7 14. g4 h6 15. Qd2
Rac8 16. Rad1 Na5 17. Qe2 b5 18. Qf3 b4 19. Nce2 d5 20. exd5 Nxd5 21. Bc1 Nc6
22. Nf5 Bg5 23. Bxg5 hxg5 24. Neg3 Nf4 25. Nd6 Rcd8 26. Bf1 e5 27. c3 bxc3 28.
bxc3 Be6 29. Ngf5 Nb8 30. Ne4 Bd5 31. c4 Bb7 32. Qe3 f6 33. Rb1 Ba8 34. Red1 Nc6
35. Qc5 Ne6 36. Qe3 Ncd4 37. Nfg3 g6 38. Ne2 Nc2 39. Qf3 f5 40. gxf5 gxf5 41.
Qc3 Bxe4 42. f3 Qc5+ 43. Kh1 Rxd1 44. Rxd1 Ne3 45. Rd7 Bxf3+ 0-1